Oh! You!! Hindu Awake!!! (Record no. 8889)

MARC details
000 -LEADER
fixed length control field 00615nam a2200253 a 4500
020 ## - INTERNATIONAL STANDARD BOOK NUMBER
ISBN
082 00 - DEWEY DECIMAL CLASSIFICATION NUMBER
Classification number 294.51
Author Cutter CHA
100 ## - MAIN ENTRY--AUTHOR NAME
Author name Chatterjee,
245 ## - TITLE STATEMENT
Title Oh! You!! Hindu Awake!!!
260 ## - PUBLICATION, DISTRIBUTION, ETC. (IMPRINT)
Place of publication Calcutta
Name of publisher Motherindia Publications
Year of publication 1987
300 ## - PHYSICAL DESCRIPTION
Number of Pages 96p
500 ## - GENERAL NOTE
General note includes index and biblioraphy
505 2# - FORMATTED CONTENTS NOTE
Formatted contents note references
650 ## - SUBJECT ADDED ENTRY--TOPICAL TERM
Topical Term Hinduism-Apologetics work
650 ## - SUBJECT ADDED ENTRY--TOPICAL TERM
Topical Term Caste-India
942 ## - ADDED ENTRY ELEMENTS (KOHA)
Koha item type Books
700 1# -
-- Chatterjee,
Holdings
Collection code Home library Current library Date acquired Cost, normal purchase price Full call number Accession Number Koha item type
  Henry Martyn Institute Library Henry Martyn Institute Library 07/23/2007 100.00 294.51 CHA 012967 Books
                   Copyright © 2026 | Henry Martyn Institute | Hyderabad | TS-500052 | INDIA | Implemented by hmi.edu.in
Hit-Count:

Powered by Koha